[Event "Bayview Games Club #102"]
[Site "Toronto CAN"]
[Date "2007.02.19"]
[Round "3"]
[White "Lung, Stephen"]
[Black "Taylor, Jason Lawrence"]
[Result "1-0"]
[WhiteElo "1559"]
[BlackElo "1675"]
[PlyCount "31"]
[GameId "2160767910726700"]
[EventDate "2007.02.05"]
[EventType "tourn"]
[EventRounds "9"]
[EventCountry "CAN"]
[SourceTitle "EXT 2022"]
[Source "ChessBase"]
[SourceDate "2021.10.06"]
[SourceVersion "1"]
[SourceVersionDate "2021.10.06"]
[SourceQuality "1"]

1. e4 e6 2. d4 d5 3. Nc3 Bb4 4. Bd3 dxe4 5. Bxe4 Nf6 6. Bf3 Nc6 7. Nge2 e5 8. Bxc6+ bxc6 9. O-O exd4 10. Qxd4 Qxd4 11. Nxd4 O-O 12. Nxc6 Bb7 13. Nd4 c5 14. Nb3 Rac8 15. Re1 Rfe8 16. Rxe8+ 1-0

[Event "Bayview Games Club #102"]
[Site "Toronto CAN"]
[Date "2007.02.19"]
[Round "3"]
[White "Maguire, Jack"]
[Black "Verde, Pino"]
[Result "0-1"]
[WhiteElo "1387"]
[BlackElo "1867"]
[PlyCount "134"]
[GameId "2160767910726701"]
[EventDate "2007.02.05"]
[EventType "tourn"]
[EventRounds "9"]
[EventCountry "CAN"]
[SourceTitle "EXT 2022"]
[Source "ChessBase"]
[SourceDate "2021.10.06"]
[SourceVersion "1"]
[SourceVersionDate "2021.10.06"]
[SourceQuality "1"]

1. d4 Nf6 2. Nf3 e6 3. Bf4 Bb4+ 4. c3 Be7 5. e3 Nd5 6. Bg3 h5 7. h3 h4 8. Bh2 d6 9. Nbd2 c6 10. Bd3 Qb6 11. Nc4 Qc7 12. a4 a5 13. O-O Nd7 14. e4 N5b6 15. Ne3 Nf6 16. e5 Nh5 17. exd6 Bxd6 18. Bxd6 Qxd6 19. Ne5 Nf4 20. Qf3 g5 21. N3g4 Nbd5 22. Be4 f5 23. Bxd5 fxg4 24. Bxc6+ bxc6 25. Qxg4 Rg8 26. g3 Qf8 27. gxf4 gxf4 28. Ng6 Qf6 29. Qf3 Rxg6+ 30. Kh1 Bd7 31. Rg1 Rxg1+ 32. Rxg1 Ke7 33. Rg4 Rf8 34. Kh2 e5 35. dxe5 Qxe5 36. Rxh4 Rh8 37. Rxh8 Qxh8 38. b4 axb4 39. cxb4 Qd4 40. Qe2+ Kf6 41. Qe1 Qd3 42. Qa1+ Kg6 43. Qh8 Qb3 44. b5 cxb5 45. axb5 Bxb5 46. Qh4 Qf3 47. Qg4+ Qxg4 48. hxg4 f3 49. Kg3 Bc6 50. Kf4 Bb7 51. g5 Bc6 52. Kg4 Bd5 53. Kf4 Kh5 54. Kg3 Kxg5 55. Kh2 Kh4 56. Kh1 Bc4 57. Kg1 Kg4 58. Kh2 Bf1 59. Kg1 Bg2 60. Kh2 Kf4 61. Kg1 Ke4 62. Kh2 Kd3 63. Kg1 Ke2 64. Kh2 Kf1 65. Kg3 Bh1 66. Kh2 Bg2 67. Kg3 Kg1 0-1

[Event "Bayview Games Club #102"]
[Site "Toronto CAN"]
[Date "2007.02.26"]
[Round "4"]
[White "Lung, Stephen"]
[Black "Johnson, Wylie"]
[Result "0-1"]
[WhiteElo "1529"]
[BlackElo "1566"]
[PlyCount "97"]
[GameId "2160767910726702"]
[EventDate "2007.02.05"]
[EventType "tourn"]
[EventRounds "9"]
[EventCountry "CAN"]
[SourceTitle "EXT 2022"]
[Source "ChessBase"]
[SourceDate "2021.10.06"]
[SourceVersion "1"]
[SourceVersionDate "2021.10.06"]
[SourceQuality "1"]

1. e4 e5 2. Nf3 Nf6 3. Nc3 Nc6 4. d4 d6 5. Bb5 Bd7 6. O-O Be7 7. Re1 O-O 8. dxe5 dxe5 9. Nd5 h6 10. Nxe7+ Qxe7 11. b3 a6 12. Bd3 Bg4 13. h3 Bh5 14. Bb2 Rad8 15. Qe2 Rd7 16. a3 Rfd8 17. Qe3 Bxf3 18. Qxf3 Nd4 19. Qe3 Nxb3 20. Rab1 b5 21. Bxe5 Nd4 22. Bxd4 Rxd4 23. Ra1 c5 24. f3 c4 25. Bf1 Qe5 26. f4 Qxe4 27. Qxe4 Nxe4 28. Rac1 Ng3 29. Kh2 Nxf1+ 30. Rxf1 Rd2 31. Kg3 Re2 32. Rf2 Rdd2 33. Rxe2 Rxe2 34. Kf3 Rd2 35. g3 f5 36. Ke3 c3 37. Kf3 Kf7 38. g4 Kf6 39. gxf5 Kxf5 40. h4 Rd4 41. Ke3 Rxf4 42. Kd3 Rxh4 43. Kxc3 Rc4+ 44. Kb3 g5 45. Rh1 Kg6 46. c3 g4 47. Rh4 g3 48. Rxc4 bxc4+ 49. Kxc4 0-1

[Event "Bayview Games Club #102"]
[Site "Toronto CAN"]
[Date "2007.02.26"]
[Round "4"]
[White "Petrean, Alex"]
[Black "Armstrong, Robert J"]
[Result "0-1"]
[WhiteElo "1525"]
[BlackElo "1793"]
[PlyCount "60"]
[GameId "2160767910726703"]
[EventDate "2007.02.05"]
[EventType "tourn"]
[EventRounds "9"]
[EventCountry "CAN"]
[SourceTitle "EXT 2022"]
[Source "ChessBase"]
[SourceDate "2021.10.06"]
[SourceVersion "1"]
[SourceVersionDate "2021.10.06"]
[SourceQuality "1"]

1. e4 g6 2. Nf3 Bg7 3. d4 d6 4. h3 Nf6 5. Bd3 O-O 6. Bf4 c5 7. dxc5 dxc5 8. c3 c4 9. e5 cxd3 10. exf6 Bxf6 11. O-O Nc6 12. Re1 Re8 13. Be5 Nxe5 14. Nxe5 Bf5 15. Nd2 Qd5 16. Ndf3 Rad8 17. Qb3 d2 18. Nxd2 Bxe5 19. Qxd5 Rxd5 20. Nb3 Bf6 21. Re2 e5 22. Rae1 Red8 23. c4 Rd1 24. Nc5 b6 25. g4 Rxe1+ 26. Rxe1 bxc5 27. gxf5 gxf5 28. Re2 a5 29. b3 Rd3 30. Kg2 e4 0-1

[Event "Bayview Games Club #102"]
[Site "Toronto CAN"]
[Date "2007.02.26"]
[Round "4"]
[White "Petrean, Alex"]
[Black "Taylor, Jason Lawrence"]
[Result "1/2-1/2"]
[WhiteElo "1525"]
[BlackElo "1675"]
[PlyCount "98"]
[GameId "2160767910726704"]
[EventDate "2007.02.05"]
[EventType "tourn"]
[EventRounds "9"]
[EventCountry "CAN"]
[SourceTitle "EXT 2022"]
[Source "ChessBase"]
[SourceDate "2021.10.06"]
[SourceVersion "1"]
[SourceVersionDate "2021.10.06"]
[SourceQuality "1"]

1. d4 d5 2. Nf3 Nf6 3. c4 e6 4. Nc3 c5 5. Bg5 Be7 6. e3 cxd4 7. exd4 dxc4 8. Bxc4 a6 9. a4 O-O 10. O-O b6 11. d5 exd5 12. Bxd5 Nxd5 13. Qxd5 Qxd5 14. Nxd5 Bxg5 15. Nxg5 Nd7 16. Rfd1 Kh8 17. Rac1 Bb7 18. Rc7 Bxd5 19. Rxd5 Nf6 20. Re5 Rad8 21. h3 Rd7 22. Rxd7 Nxd7 23. Re7 Nc5 24. Nxf7+ Kg8 25. Ne5 Nxa4 26. b4 Ra8 27. Nd7 a5 28. Re4 b5 29. Re5 Nc3 30. bxa5 Rxa5 31. f3 Ra2 32. Rc5 b4 33. Ne5 Ne2+ 34. Kf2 h6 35. Ke1 b3 36. Kd1 Ra1+ 37. Kxe2 b2 38. Rb5 b1=Q 39. Rxb1 Rxb1 40. Kf2 g5 41. g4 Kg7 42. Nc6 Kf6 43. Kg2 Rc1 44. Nd4 Ke5 45. Ne2 Rc2 46. Kf1 Rb2 47. Ke1 Rb1+ 48. Kf2 Rb2 49. Ke1 Rb1+ 1/2-1/2

[Event "Bayview Games Club #102"]
[Site "Toronto CAN"]
[Date "2007.02.26"]
[Round "4"]
[White "Taylor, Jason Lawrence"]
[Black "Verde, Pino"]
[Result "1/2-1/2"]
[WhiteElo "1675"]
[BlackElo "1867"]
[PlyCount "102"]
[GameId "2160767910726705"]
[EventDate "2007.02.05"]
[EventType "tourn"]
[EventRounds "9"]
[EventCountry "CAN"]
[SourceTitle "EXT 2022"]
[Source "ChessBase"]
[SourceDate "2021.10.06"]
[SourceVersion "1"]
[SourceVersionDate "2021.10.06"]
[SourceQuality "1"]

1. e4 d6 2. d4 Nf6 3. Nc3 Nbd7 4. Bd3 e5 5. Nge2 exd4 6. Nxd4 Ne5 7. Bb5+ c6 8. Ba4 b5 9. Bb3 b4 10. Nb1 Nxe4 11. O-O Be7 12. Bf4 Qc7 13. Bxe5 dxe5 14. Nxc6 Bc5 15. Bxf7+ Kxf7 16. Qd5+ Kf6 17. Qxe4 Bf5 18. Qd5 Bd6 19. Rd1 Rad8 20. Nxd8 Rxd8 21. Nd2 Be7 22. Qc4 Qb7 23. Nf3 Rc8 24. Qh4+ Kf7 25. Qh5+ Bg6 26. Nxe5+ Kg8 27. Nxg6 hxg6 28. Qd5+ Qxd5 29. Rxd5 Rxc2 30. Rad1 Kf7 31. R5d2 Rc5 32. b3 Kf6 33. g4 g5 34. Rd5 Rc2 35. Rf5+ Kg6 36. Rdd5 Rxa2 37. Ra5 Rb2 38. Rxa7 Bf6 39. Rb7 Rxb3 40. Rfb5 Bc3 41. Rc7 Rb1+ 42. Kg2 Rb2 43. Rcc5 Bd2 44. Kf3 Be1 45. Rxg5+ Kh6 46. Rh5+ Kg6 47. Rb6+ Kf7 48. Rf5+ Kg8 49. Rb8+ Kh7 50. Rh5+ Kg6 51. Rb6+ Kf7 1/2-1/2

[Event "Bayview Games Club #102"]
[Site "Toronto CAN"]
[Date "2007.03.05"]
[Round "5"]
[White "Armstrong, Robert J"]
[Black "Lung, Stephen"]
[Result "1/2-1/2"]
[WhiteElo "1793"]
[BlackElo "1559"]
[PlyCount "82"]
[GameId "2160767910726706"]
[EventDate "2007.02.05"]
[EventType "tourn"]
[EventRounds "9"]
[EventCountry "CAN"]
[SourceTitle "EXT 2022"]
[Source "ChessBase"]
[SourceDate "2021.10.06"]
[SourceVersion "1"]
[SourceVersionDate "2021.10.06"]
[SourceQuality "1"]

1. d4 d5 2. c4 Nf6 3. Nf3 e6 4. e3 c5 5. Bd3 Nc6 6. O-O Bd6 7. Nc3 O-O 8. Nb5 Be7 9. a3 a6 10. Nc3 Re8 11. dxc5 Bxc5 12. b4 dxc4 13. Bxc4 Be7 14. Qc2 Qc7 15. Rd1 Nxb4 16. Qe2 Nc6 17. Bb2 b5 18. Ba2 Bb7 19. Rac1 Red8 20. e4 Rxd1+ 21. Nxd1 Qd7 22. Bb1 Rc8 23. Ng5 e5 24. Ba2 Nd4 25. Bxf7+ Kf8 26. Rxc8+ Bxc8 27. Bxd4 Qxd4 28. Qc2 Bd7 29. Be6 Bxa3 30. Nf3 Qc5 31. Qb3 Bxe6 32. Qxe6 Qd6 33. Qc8+ Ke7 34. Ne3 Qc5 35. Nf5+ Kf7 36. Qb7+ Kf8 37. Qxg7+ Ke8 38. Qh8+ Qf8 39. Ng7+ Ke7 40. Nf5+ Ke6 41. Ng7+ Ke7 1/2-1/2

[Event "Bayview Games Club #102"]
[Site "Toronto CAN"]
[Date "2007.03.05"]
[Round "5"]
[White "Johnson, Wylie"]
[Black "Taylor, Jason Lawrence"]
[Result "0-1"]
[WhiteElo "1566"]
[BlackElo "1675"]
[PlyCount "86"]
[GameId "2160767910726707"]
[EventDate "2007.02.05"]
[EventType "tourn"]
[EventRounds "9"]
[EventCountry "CAN"]
[SourceTitle "EXT 2022"]
[Source "ChessBase"]
[SourceDate "2021.10.06"]
[SourceVersion "1"]
[SourceVersionDate "2021.10.06"]
[SourceQuality "1"]

1. f4 d5 2. Nf3 Nf6 3. e3 e6 4. b3 Bd6 5. Bb2 c5 6. Bb5+ Bd7 7. Be2 Nc6 8. O-O Qc7 9. a3 O-O-O 10. c4 dxc4 11. Bxc4 e5 12. fxe5 Nxe5 13. Nxe5 Bxe5 14. Bxe5 Qxe5 15. Nc3 Ng4 16. g3 Nxe3 17. dxe3 Qxe3+ 18. Rf2 Qxc3 19. Rc1 Qe3 20. Qe1 Qxe1+ 21. Rxe1 f6 22. Re7 Bh3 23. Rfe2 Rd1+ 24. Kf2 Rhd8 25. Rxg7 Rf1+ 26. Ke3 h5 27. Re7 Bg4 28. Be6+ Kb8 29. Bxg4 hxg4 30. Rf2 Rxf2 31. Kxf2 Rd2+ 32. Re2 Rxe2+ 33. Kxe2 Kc7 34. Ke3 Kd6 35. Ke4 b5 36. Kd3 Kd5 37. Ke3 c4 38. b4 Ke5 39. Kd2 Kd4 40. Kc2 c3 41. Kc1 Kd3 42. Kd1 c2+ 43. Kc1 Kc3 0-1

[Event "Bayview Games Club #102"]
[Site "Toronto CAN"]
[Date "2007.03.05"]
[Round "5"]
[White "Maguire, Jack"]
[Black "Jackiw, Mark"]
[Result "0-1"]
[WhiteElo "1465"]
[BlackElo "1624"]
[PlyCount "62"]
[GameId "2160767910726708"]
[EventDate "2007.02.05"]
[EventType "tourn"]
[EventRounds "9"]
[EventCountry "CAN"]
[SourceTitle "EXT 2022"]
[Source "ChessBase"]
[SourceDate "2021.10.06"]
[SourceVersion "1"]
[SourceVersionDate "2021.10.06"]
[SourceQuality "1"]

1. d4 e5 2. dxe5 Nc6 3. Nf3 Nge7 4. Nc3 Ng6 5. Bg5 Be7 6. Bxe7 Ncxe7 7. e3 c6 8. Qd2 O-O 9. h4 Qa5 10. Qd4 Re8 11. h5 Nf5 12. Qa4 Qxa4 13. Nxa4 Nxe5 14. Nxe5 Rxe5 15. Bd3 d5 16. O-O-O b6 17. Rdg1 Nh6 18. Kd2 Bg4 19. Be2 d4 20. Bxg4 dxe3+ 21. fxe3 Rd8+ 22. Ke2 Nxg4 23. Rh3 Rde8 24. Kd2 Nxe3 25. g4 Rd8+ 26. Kc3 b5 27. Re1 Nd5+ 28. Kd2 Nf4+ 29. Rd3 Nxd3 30. cxd3 Rxe1 31. Kxe1 bxa4 0-1

[Event "Bayview Games Club #102"]
[Site "Toronto CAN"]
[Date "2007.03.12"]
[Round "6"]
[White "Jackiw, Mark"]
[Black "Verde, Pino"]
[Result "0-1"]
[WhiteElo "1465"]
[BlackElo "1867"]
[PlyCount "56"]
[GameId "2160767910726709"]
[EventDate "2007.02.05"]
[EventType "tourn"]
[EventRounds "9"]
[EventCountry "CAN"]
[SourceTitle "EXT 2022"]
[Source "ChessBase"]
[SourceDate "2021.10.06"]
[SourceVersion "1"]
[SourceVersionDate "2021.10.06"]
[SourceQuality "1"]

1. c4 g5 2. Nf3 g4 3. Nd4 d5 4. e3 e5 5. Ne2 Nc6 6. cxd5 Nb4 7. Ng3 Qxd5 8. Nc3 Nd3+ 9. Bxd3 Qxd3 10. Qa4+ Bd7 11. Qb3 Bc6 12. e4 Nf6 13. Nd5 Qxb3 14. Nxf6+ Ke7 15. axb3 Kxf6 16. O-O h5 17. d3 Rd8 18. f3 Bc5+ 19. Kh1 Kg6 20. fxg4 hxg4 21. h3 Rxd3 22. Kh2 gxh3 23. gxh3 Bd7 24. Nf5 Rdxh3+ 25. Kg2 Rh2+ 26. Kf3 R8h3+ 27. Ng3 Bb5 28. Rd1 Be2# 0-1

[Event "Bayview Games Club #102"]
[Site "Toronto CAN"]
[Date "2007.03.12"]
[Round "6"]
[White "Johnson, Wylie"]
[Black "Armstrong, Robert J"]
[Result "0-1"]
[WhiteElo "1566"]
[BlackElo "1793"]
[PlyCount "66"]
[GameId "2160767910726710"]
[EventDate "2007.02.05"]
[EventType "tourn"]
[EventRounds "9"]
[EventCountry "CAN"]
[SourceTitle "EXT 2022"]
[Source "ChessBase"]
[SourceDate "2021.10.06"]
[SourceVersion "1"]
[SourceVersionDate "2021.10.06"]
[SourceQuality "1"]

1. e4 g6 2. d4 Bg7 3. Nf3 d6 4. Be3 Nf6 5. Nc3 O-O 6. Bd3 c6 7. Qd2 b5 8. a3 a5 9. Ne2 Qc7 10. Bh6 Bb7 11. Bxg7 Kxg7 12. h3 Rd8 13. g4 c5 14. d5 c4 15. g5 Ne8 16. Ned4 cxd3 17. Qxd3 b4 18. a4 Nd7 19. b3 Ne5 20. Qe3 Nxf3+ 21. Qxf3 Qc3+ 22. Qxc3 bxc3 23. f4 Nc7 24. Kf2 e6 25. Rhe1 exd5 26. exd5 Nxd5 27. Kg3 Re8 28. Nb5 Rxe1 29. Rxe1 Nb4 30. Nxd6 Bd5 31. Re3 Rd8 32. Nb5 Bxb3 33. cxb3 c2 0-1

[Event "Bayview Games Club #102"]
[Site "Toronto CAN"]
[Date "2007.03.12"]
[Round "6"]
[White "Lung, Stephen"]
[Black "Tellier, Raymond"]
[Result "1-0"]
[WhiteElo "1529"]
[BlackElo "1509"]
[PlyCount "61"]
[GameId "2160767910726711"]
[EventDate "2007.02.05"]
[EventType "tourn"]
[EventRounds "9"]
[EventCountry "CAN"]
[SourceTitle "EXT 2022"]
[Source "ChessBase"]
[SourceDate "2021.10.06"]
[SourceVersion "1"]
[SourceVersionDate "2021.10.06"]
[SourceQuality "1"]

1. e4 c6 2. d4 d5 3. Nc3 dxe4 4. Nxe4 Bf5 5. Ng3 Bg6 6. Nf3 e6 7. Be2 Be7 8. O-O Nf6 9. Re1 O-O 10. Ne5 Qc7 11. c3 c5 12. Nxg6 fxg6 13. Bc4 Nd5 14. Rxe6 Rd8 15. Qb3 Kh8 16. Bxd5 Nc6 17. Bxc6 bxc6 18. dxc5 Rab8 19. Qc2 Bxc5 20. Be3 Qd7 21. Re4 Bd6 22. Rd4 Qe6 23. a3 c5 24. Rd2 Qc4 25. Rad1 Be7 26. Rxd8+ Bxd8 27. Qd3 Qg8 28. Bxc5 Bf6 29. Qc2 Qf7 30. Ne4 Qc7 31. Bd6 1-0

[Event "Bayview Games Club #102"]
[Site "Toronto CAN"]
[Date "2007.03.12"]
[Round "6"]
[White "Petrean, Alex"]
[Black "Maguire, Jack"]
[Result "1-0"]
[WhiteElo "1525"]
[BlackElo "1465"]
[PlyCount "91"]
[GameId "2160767910726712"]
[EventDate "2007.02.05"]
[EventType "tourn"]
[EventRounds "9"]
[EventCountry "CAN"]
[SourceTitle "EXT 2022"]
[Source "ChessBase"]
[SourceDate "2021.10.06"]
[SourceVersion "1"]
[SourceVersionDate "2021.10.06"]
[SourceQuality "1"]

1. b4 d5 2. Bb2 Qd6 3. b5 e5 4. e3 d4 5. exd4 exd4 6. Nf3 Bg4 7. Qe2+ Be7 8. Qe5 Bxf3 9. Qxd6 Bxd6 10. Bxd4 Nf6 11. Bxf6 gxf6 12. gxf3 Be5 13. c3 Rg8 14. Bh3 Nd7 15. d4 Bf4 16. Nd2 Kf8 17. O-O-O Nb6 18. Kc2 a6 19. bxa6 Rxa6 20. Ra1 Bxd2 21. Kxd2 Rg5 22. f4 Rga5 23. Bf1 Rxa2+ 24. Rxa2 Rxa2+ 25. Ke3 Nd5+ 26. Kf3 Nxc3 27. Bd3 h6 28. Rc1 Ra3 29. Kg4 c6 30. Kh5 Kg7 31. Rg1+ Kf8 32. f5 b5 33. Kxh6 Nd5 34. Rg3 Ne7 35. Be4 Ra4 36. Rd3 c5 37. dxc5 Ke8 38. f3 Nxf5+ 39. Bxf5 Rh4+ 40. Kg7 Rxh2 41. c6 Rg2+ 42. Kxf6 Rc2 43. Bd7+ Kd8 44. Bf5+ Ke8 45. Ra3 Kd8 46. Bxc2 1-0

[Event "Bayview Games Club #102"]
[Site "Toronto CAN"]
[Date "2007.03.19"]
[Round "7"]
[White "Armstrong, Robert J"]
[Black "Taylor, Jason Lawrence"]
[Result "1/2-1/2"]
[WhiteElo "1740"]
[BlackElo "1675"]
[PlyCount "99"]
[GameId "2160767910726713"]
[EventDate "2007.02.05"]
[EventType "tourn"]
[EventRounds "9"]
[EventCountry "CAN"]
[SourceTitle "EXT 2022"]
[Source "ChessBase"]
[SourceDate "2021.10.06"]
[SourceVersion "1"]
[SourceVersionDate "2021.10.06"]
[SourceQuality "1"]

1. d4 d5 2. c4 e6 3. Nf3 Nf6 4. e3 c5 5. Bd3 cxd4 6. exd4 Nc6 7. O-O dxc4 8. Bxc4 Be7 9. Nc3 a6 10. a4 O-O 11. h3 Qc7 12. Qe2 Nb4 13. Bb3 b6 14. Be3 Bb7 15. Rac1 Qd6 16. Rfd1 Nfd5 17. Ne5 Nxe3 18. Qxe3 Nd5 19. Nxd5 Bxd5 20. Bxd5 Qxd5 21. Rc6 f6 22. Rxb6 fxe5 23. Qxe5 Qxe5 24. dxe5 Bc5 25. Rxe6 Bxf2+ 26. Kh2 Rfe8 27. Rxe8+ Rxe8 28. Rd6 a5 29. Rd5 Be1 30. g4 Kf7 31. Kg2 Ke6 32. Rb5 Re7 33. Kf3 Rc7 34. Ke2 Bb4 35. Kd3 h6 36. Ke4 Rc4+ 37. Kd3 Rc5 38. Rb7 Rd5+ 39. Kc4 Rd7 40. Rb5 Rd2 41. Rb7 Kxe5 42. Rxg7 Kf6 43. Rb7 Rxb2 44. Rb6+ Kg5 45. Rb5+ Kf4 46. Rh5 Ra2 47. Kb5 Bd2 48. Rxh6 Kg5 49. Rh5+ Kg6 50. Rd5 1/2-1/2

[Event "Bayview Games Club #102"]
[Site "Toronto CAN"]
[Date "2007.03.19"]
[Round "7"]
[White "Shahabuddin, Alizadeh"]
[Black "Jackiw, Mark"]
[Result "1-0"]
[WhiteElo "1905"]
[BlackElo "1465"]
[PlyCount "35"]
[GameId "2160767910726714"]
[EventDate "2007.02.05"]
[EventType "tourn"]
[EventRounds "9"]
[EventCountry "CAN"]
[SourceTitle "EXT 2022"]
[Source "ChessBase"]
[SourceDate "2021.10.06"]
[SourceVersion "1"]
[SourceVersionDate "2021.10.06"]
[SourceQuality "1"]

1. e4 c5 2. Nf3 Nf6 3. Nc3 Nc6 4. d4 d5 5. exd5 Nxd5 6. Bc4 e6 7. O-O Nb6 8. Bb5 Bd7 9. d5 Nxd5 10. Nxd5 exd5 11. Qxd5 Be7 12. Bg5 Bxg5 13. Nxg5 O-O 14. Bc4 b6 15. Nxf7 Rxf7 16. Qxf7+ Kh8 17. Rfe1 Nd4 18. Re7 1-0

[Event "Bayview Games Club #102"]
[Site "Toronto CAN"]
[Date "2007.03.19"]
[Round "7"]
[White "Verde, Pino"]
[Black "Petrean, Alex"]
[Result "1-0"]
[WhiteElo "1773"]
[BlackElo "1525"]
[PlyCount "59"]
[GameId "2160767910726715"]
[EventDate "2007.02.05"]
[EventType "tourn"]
[EventRounds "9"]
[EventCountry "CAN"]
[SourceTitle "EXT 2022"]
[Source "ChessBase"]
[SourceDate "2021.10.06"]
[SourceVersion "1"]
[SourceVersionDate "2021.10.06"]
[SourceQuality "1"]

1. e4 c5 2. Nf3 d6 3. d4 cxd4 4. Nxd4 Nf6 5. Nc3 e5 6. Nf3 a6 7. Bc4 Be7 8. Bb3 Nc6 9. a3 Bg4 10. Qd3 h6 11. O-O Bxf3 12. gxf3 Nd4 13. Ba2 Rc8 14. Ne2 Nxe2+ 15. Qxe2 g5 16. Qe3 Nh5 17. Qb3 O-O 18. f4 gxf4 19. Qh3 Bh4 20. Kh1 Rxc2 21. Rg1+ Kh8 22. Rg4 Qc8 23. Qxh4 Rxc1+ 24. Rxc1 Qxc1+ 25. Rg1 Qc2 26. Qxh5 Qxe4+ 27. f3 Qh7 28. Bb1 f5 29. Rg6 Qf7 30. Qxh6+ 1-0

[Event "Bayview Games Club #102"]
[Site "Toronto CAN"]
[Date "2007.03.26"]
[Round "8"]
[White "Armstrong, Robert J"]
[Black "Tellier, Raymond"]
[Result "1-0"]
[WhiteElo "1740"]
[BlackElo "1434"]
[PlyCount "81"]
[GameId "2160767910726716"]
[EventDate "2007.02.05"]
[EventType "tourn"]
[EventRounds "9"]
[EventCountry "CAN"]
[SourceTitle "EXT 2022"]
[Source "ChessBase"]
[SourceDate "2021.10.06"]
[SourceVersion "1"]
[SourceVersionDate "2021.10.06"]
[SourceQuality "1"]

1. d4 d5 2. c4 c6 3. e3 Bf5 4. Nf3 Nf6 5. Nc3 e6 6. Bd3 Bxd3 7. Qxd3 Bb4 8. O-O O-O 9. a3 Bd6 10. b4 Nbd7 11. e4 dxe4 12. Nxe4 Nxe4 13. Qxe4 Nf6 14. Qh4 h6 15. Re1 Be7 16. Qg3 Bd6 17. Ne5 Kh7 18. Bb2 Nd7 19. Rad1 g5 20. Qh3 Bxe5 21. dxe5 Qe7 22. Rd6 Nb6 23. Qd3+ Kg8 24. Rd1 Qc7 25. Bc1 Rae8 26. h4 f6 27. exf6 Rxf6 28. hxg5 hxg5 29. Bxg5 Rf5 30. Rxe6 Rxe6 31. Qxf5 Qf7 32. Rd8+ Kg7 33. Qxf7+ Kxf7 34. c5 Nc4 35. Rd7+ Kg6 36. f4 Kf5 37. Rxb7 Ne3 38. Rxa7 Ng4 39. Re7 Re3 40. Rxe3 Nxe3 41. Kf2 1-0

[Event "Bayview Games Club #102"]
[Site "Toronto CAN"]
[Date "2007.03.26"]
[Round "8"]
[White "Johnson, Wylie"]
[Black "Maguire, Jack"]
[Result "0-1"]
[WhiteElo "1566"]
[BlackElo "1387"]
[PlyCount "50"]
[GameId "2160767910726717"]
[EventDate "2007.02.05"]
[EventType "tourn"]
[EventRounds "9"]
[EventCountry "CAN"]
[SourceTitle "EXT 2022"]
[Source "ChessBase"]
[SourceDate "2021.10.06"]
[SourceVersion "1"]
[SourceVersionDate "2021.10.06"]
[SourceQuality "1"]

1. f4 d5 2. Nf3 Nc6 3. e3 e5 4. fxe5 g5 5. Bb5 a6 6. Bxc6+ bxc6 7. O-O c5 8. d4 g4 9. Ne1 h5 10. Nd3 c4 11. Nf4 h4 12. Nc3 c6 13. Bd2 Ne7 14. e4 Qb6 15. Bc1 dxe4 16. Nxe4 Nd5 17. c3 Be7 18. Nxd5 cxd5 19. Nf6+ Bxf6 20. Rxf6 Be6 21. Qxg4 O-O-O 22. Qe2 Rdg8 23. Rh6 Rxh6 24. Bxh6 Bh3 25. Qh5 Qxb2 0-1

[Event "Bayview Games Club #102"]
[Site "Toronto CAN"]
[Date "2007.03.26"]
[Round "8"]
[White "Petrean, Alex"]
[Black "Shahabuddin, Alizadeh"]
[Result "0-1"]
[WhiteElo "1525"]
[BlackElo "1905"]
[PlyCount "69"]
[GameId "2160767910726718"]
[EventDate "2007.02.05"]
[EventType "tourn"]
[EventRounds "9"]
[EventCountry "CAN"]
[SourceTitle "EXT 2022"]
[Source "ChessBase"]
[SourceDate "2021.10.06"]
[SourceVersion "1"]
[SourceVersionDate "2021.10.06"]
[SourceQuality "1"]

1. g3 Nf6 2. Bg2 d5 3. Nf3 c5 4. d3 g6 5. O-O Bg7 6. c3 Nc6 7. Bf4 O-O 8. d4 Qb6 9. Qc2 Bf5 10. Qd2 Ne4 11. Qc1 cxd4 12. Bh6 dxc3 13. Bxg7 Kxg7 14. Nxc3 d4 15. Nxe4 Bxe4 16. Qf4 Bd5 17. b3 Rac8 18. Rfd1 f6 19. Qg4 e5 20. Qd7+ Bf7 21. Nd2 Rc7 22. Qg4 Nb4 23. h4 h5 24. Qe4 Bd5 25. Qb1 Bxg2 26. Kxg2 Nc2 27. Nc4 Qc6+ 28. Kh2 Nxa1 29. Qxa1 Qe4 30. Qb2 b5 31. f3 Qd5 32. e4 Qc5 33. Na3 Rfc8 34. Rd2 a6 35. Rc2 0-1

[Event "Bayview Games Club #102"]
[Site "Toronto CAN"]
[Date "2007.03.26"]
[Round "8"]
[White "Taylor, Jason Lawrence"]
[Black "Jackiw, Mark"]
[Result "0-1"]
[WhiteElo "1675"]
[BlackElo "1624"]
[PlyCount "116"]
[GameId "2160767910726719"]
[EventDate "2007.02.05"]
[EventType "tourn"]
[EventRounds "9"]
[EventCountry "CAN"]
[SourceTitle "EXT 2022"]
[Source "ChessBase"]
[SourceDate "2021.10.06"]
[SourceVersion "1"]
[SourceVersionDate "2021.10.06"]
[SourceQuality "1"]

1. e4 c5 2. Nf3 Nf6 3. Nc3 Nc6 4. d4 d5 5. dxc5 d4 6. e5 dxc3 7. Qxd8+ Nxd8 8. exf6 Bd7 9. Ne5 Bc6 10. Nxc6 Nxc6 11. bxc3 gxf6 12. Rb1 O-O-O 13. Bd3 e6 14. Be3 Rd7 15. O-O Rc7 16. Bb5 Ne5 17. c6 Nxc6 18. Bxc6 Rxc6 19. Bxa7 Rxc3 20. Bd4 Rxc2 21. Bxf6 Rg8 22. Rfc1 Rxc1+ 23. Rxc1+ Kd7 24. Rd1+ Kc6 25. Rd8 Rg6 26. Rxf8 Rxf6 27. f3 Rf5 28. Rc8+ Kb5 29. Rc2 Rc5 30. Rb2+ Kc6 31. Kf2 b5 32. Ke3 Rc4 33. Kd3 Kc5 34. a3 h5 35. Ke3 e5 36. Ra2 f5 37. g3 Rc3+ 38. Ke2 e4 39. fxe4 fxe4 40. Rd2 Rxa3 41. Rd8 Ra2+ 42. Ke3 Rxh2 43. Kxe4 Rg2 44. Rd5+ Kc4 45. Rd4+ Kc3 46. Rd3+ Kc2 47. Rd5 b4 48. Rxh5 Rxg3 49. Rc5+ Rc3 50. Rh5 b3 51. Rh2+ Kb1 52. Rg2 Rc2 53. Rg1+ Rc1 54. Rg2 Rc3 55. Kd4 Rc8 56. Kd3 b2 57. Rg7 Ra8 58. Rb7 Ka2 0-1

[Event "Bayview Games Club #102"]
[Site "Toronto CAN"]
[Date "2007.04.02"]
[Round "9"]
[White "Jackiw, Mark"]
[Black "Petrean, Alex"]
[Result "1-0"]
[WhiteElo "1624"]
[BlackElo "1525"]
[PlyCount "87"]
[GameId "2160767910726720"]
[EventDate "2007.02.05"]
[EventType "tourn"]
[EventRounds "9"]
[EventCountry "CAN"]
[SourceTitle "EXT 2022"]
[Source "ChessBase"]
[SourceDate "2021.10.06"]
[SourceVersion "1"]
[SourceVersionDate "2021.10.06"]
[SourceQuality "1"]

1. c4 e5 2. Nf3 d6 3. Nc3 Nf6 4. g3 Be7 5. Bg2 c6 6. O-O O-O 7. d3 h6 8. h3 Be6 9. Kh2 Qc7 10. Be3 d5 11. cxd5 Nxd5 12. Nxd5 Bxd5 13. Qd2 e4 14. Nd4 c5 15. Nf5 Qe5 16. Nxe7+ Qxe7 17. Rac1 b6 18. b3 Na6 19. a3 f5 20. Rb1 Qf6 21. Qc2 Rfe8 22. dxe4 Bxe4 23. Qc4+ Qe6 24. Qxa6 Bxg2 25. Kxg2 Qe4+ 26. Kh2 g5 27. Qc4+ Kh7 28. Qf7+ Kh8 29. Rbd1 Re7 30. Qd5 Rae8 31. Qxe4 Rxe4 32. Rd7 f4 33. gxf4 gxf4 34. Bd2 R8e6 35. Bc3+ Kg8 36. Rg1+ Kf8 37. Rxa7 Rxe2 38. Ra8+ Ke7 39. Rg7+ Kd6 40. Rd8+ Kc6 41. Rd2 f3 42. Rf7 Rxd2 43. Bxd2 Re2 44. Be3 1-0